Geboren in Detmold - Statistiken

Allgemein
  • Dieses Quiz wurde 41 mal gespielt
  • Das Durchschnittsergebnis liegt bei 3 aus 6
Antwortstatistiken
Hinweis Antwort % Korrekt
SPD-Politiker und Bundespräsident seit 2017 1956 Franz-Walter Steinmeier
86%
Fernsehmoderator von "The Masked Singer" ,früher "Schlag den Raab" und "Sportschau" 1970 Matthias Opdenhövel
66%
Moderator von "Studio Schmitt" und Mitbetreiber des Podcast "Gemischtes Hack" 1990 Tommi Schmitt
66%
mehrfachprämierte Schauspielerin, "Rosa Roth" "Sketchup" "Der Vorname" 1950 Iris Berben
40%
Springreiter und Olympiasieger 1963 Ludger Beerbaum
26%
Präsident des Bundesverfassungsgerichts von 2010 bis 2020 1963 Andreas Voßkuhle
23%
Keine übereinstimmenden Quizze gefunden
Verteilung der Resultate
Anzahl Personen mit jedem Resultat
Perzentil nach korrekt beantworteten Fragen
Ihre Resultats-Entwicklung
Sie haben dieses Quiz noch nicht gespielt